[Event "DEM U16w 2000"]
[Site "Überlingen GER"]
[Date "2000.06.09"]
[Round "8"]
[White "Thiery, Jennifer"]
[Black "Brandt, Madeleine"]
[Result "0-1"]
[Termination "normal"]
[Board "11"]
[WhiteElo "1093"]
[BlackElo "923"]
[PlyCount "116"]
[EventCountry "GER"]
[EventRounds "9"]
[EventType "swiss"]
[EventDate "2000.06.03"]

1. d4 d5 2. c4 c6 3. Nc3 Nf6 4. Bf4 Bf5 5. e3 e6 6. Be2 Nbd7 7. Nf3 Qb6 8. Qc1
Bb4 9. O-O Bxc3 10. bxc3 Qa6 11. Nd2 Ne4 12. Re1 Nxd2 13. cxd5 Nc4 14. Bxc4
Qxc4 15. e4 Bg6 16. d6 O-O 17. Re3 c5 18. Qb2 b6 19. Rd1 Rac8 20. h3 f6 21. g4
e5 22. dxe5 fxe5 23. Bg3 Rc6 24. f3 Rf6 25. Qd2 Qe6 26. Rd3 c4 27. Re3 Rxd6 28.
Qe2 Rxd1+ 29. Qxd1 Rf7 30. Kg2 Qc6 31. Re2 b5 32. Rd2 a6 33. Rd5 Qc7 34. Rd6 a5
35. Qd5 h6 36. Bxe5 Nxe5 37. Qxe5 Re7 38. Qd4 Bf7 39. Qd2 Kh7 40. h4 g6 41. h5
g5 42. Kh3 b4 43. cxb4 c3 44. Qd3 Qc4 45. Qxc4 Bxc4 46. Rc6 Bf1+ 47. Kg3 axb4
48. Kf2 Bd3 49. Ke1 Rd7 50. e5 Bb1 51. e6 Re7 52. a4 bxa3 53. Rxc3 Rxe6+ 54.
Kd2 a2 55. Ra3 Rc6 56. Ke3 Rc3+ 57. Rxc3 a1=Q 58. Rc7+ Kg8 0-1

[Event "DEM U16w 2000"]
[Site "Überlingen GER"]
[Date "2000.06.09"]
[Round "8"]
[White "Gorodetskaja, Ewgenija"]
[Black "Beuckmann, Kristin"]
[Result "0-1"]
[Termination "normal"]
[Board "12"]
[WhiteElo "1029"]
[BlackElo "823"]
[PlyCount "126"]
[EventCountry "GER"]
[EventRounds "9"]
[EventType "swiss"]
[EventDate "2000.06.03"]

1. d4 d5 2. e3 Bf5 3. Bd3 Bxd3 4. Qxd3 Nf6 5. Nd2 Nc6 6. f4 Qd6 7. Ngf3 e6 8.
c3 Be7 9. Ne5 O-O 10. O-O a6 11. g4 Nd7 12. Rf3 f5 13. g5 g6 14. Rh3 b5 15. Qe2
Kg7 16. Qf2 Rh8 17. Qh4 Ncxe5 18. fxe5 Qb6 19. Nf3 c5 20. Qh6+ Kg8 21. Nh4 Bf8
22. Nxg6 Bxh6 23. Nxh8 Kxh8 24. Rxh6 Rg8 25. Rh5 Qd8 26. h4 Qe8 27. Rh6 Rg6 28.
Rh5 h6 29. Kh2 Kg7 30. Bd2 Rxg5 31. Rxg5+ hxg5 32. hxg5 Qh5+ 33. Kg2 Qxg5+ 34.
Kf2 Qh4+ 35. Ke2 Qh2+ 36. Kd3 c4+ 37. Kc2 Kf7 38. a4 Nf8 39. axb5 axb5 40. Ra5
Ng6 41. Rxb5 Ke7 42. Rb7+ Kd8 43. Kd1 Qg1+ 44. Kc2 Qa1 45. Rh7 Nf8 46. Rf7 Nd7
47. Rg7 Kc7 48. Re7 Qa4+ 49. Kb1 Qd1+ 50. Bc1 Qd3+ 51. Ka2 Qc2 52. Rxe6 Qxc1
53. Rd6 Qxe3 54. Rxd5 f4 55. Rd6 Nxe5 56. dxe5 Qxe5 57. Rd4 Qxd4 58. cxd4 f3
59. Ka3 f2 60. Kb4 f1=Q 61. Kc5 Qc1 62. d5 Qxb2 63. Kxc4 Kd6 0-1

[Event "DEM U16w 2000"]
[Site "Überlingen GER"]
[Date "2000.06.10"]
[Round "9"]
[White "Ebner, Leah"]
[Black "Schlosberg, Elisabeth"]
[Result "1-0"]
[Termination "normal"]
[Board "2"]
[WhiteElo "1425"]
[BlackElo "2040"]
[PlyCount "73"]
[BlackFideId "4659228"]
[EventCountry "GER"]
[EventRounds "9"]
[EventType "swiss"]
[EventDate "2000.06.03"]

1. e4 c5 2. Nf3 e6 3. d4 cxd4 4. Nxd4 a6 5. Nc3 Qc7 6. Bd3 Nf6 7. Be3 Bb4 8.
Bd2 O-O 9. O-O Be7 10. f4 d6 11. Qe1 Nbd7 12. Rf3 Re8 13. Rh3 Bf8 14. Nb3 Ng4
15. Qh4 Nh6 16. g4 Be7 17. g5 Kf8 18. Qg3 Ng8 19. Rxh7 Nc5 20. Nxc5 dxc5 21. g6
f6 22. f5 Bd6 23. Qh3 Bf4 24. Bxf4 Qxf4 25. Rh4 Qe5 26. Rh8 Qd4+ 27. Kh1 Ke7
28. Qh7 Qe3 29. Qxg7+ Kd6 30. Rd1 Qf3+ 31. Kg1 Qe3+ 32. Kf1 Kc6 33. Rxg8 Bd7
34. Bb5+ axb5 35. Qxd7+ Kb6 36. Qxb5+ Ka7 37. Qa5+ 1-0

[Event "DEM U16w 2000"]
[Site "Überlingen GER"]
[Date "2000.06.10"]
[Round "9"]
[White "Schulte, Stefanie"]
[Black "Häcker, Sonja"]
[Result "1-0"]
[Termination "normal"]
[Board "3"]
[WhiteElo "2115"]
[BlackElo "1798"]
[PlyCount "109"]
[WhiteFideId "4658000"]
[BlackFideId "4680928"]
[EventCountry "GER"]
[EventRounds "9"]
[EventType "swiss"]
[EventDate "2000.06.03"]

1. e4 c5 2. c3 Nf6 3. e5 Nd5 4. d4 cxd4 5. cxd4 e6 6. Bc4 b6 7. Bxd5 exd5 8.
Nc3 Bb4 9. Nge2 Bb7 10. O-O O-O 11. Bf4 d6 12. Nb5 dxe5 13. dxe5 Nc6 14. a3 Be7
15. Ned4 Qd7 16. Re1 Ba6 17. Nc3 Nxd4 18. Qxd4 Bc4 19. Ne4 Qc6 20. Nd6 f6 21.
Qe3 fxe5 22. Qxe5 Qxd6 23. Qxd6 Bxd6 24. Bxd6 Rfe8 25. Be5 Re6 26. Re3 Rc8 27.
f4 g6 28. Rd1 Rd8 29. b3 Bb5 30. a4 Ba6 31. Rc3 Rd7 32. Rdc1 d4 33. Rc7 Rxc7
34. Rxc7 d3 35. Kf2 h5 36. Ke3 b5 37. a5 b4 38. Rxa7 Rc6 39. Rc7 Rxc7 40. Bxc7
Kf7 41. Bd6 Ke6 42. Bxb4 Kd5 43. h3 Bb5 44. Bc3 Ba6 45. g4 hxg4 46. hxg4 Bb5
47. f5 gxf5 48. gxf5 Ba6 49. Kf4 Bb5 50. Kg5 Be8 51. Kf6 Kd6 52. Kg7 Bh5 53. f6
Kc5 54. f7 Bxf7 55. Kxf7 1-0

[Event "DEM U16w 2000"]
[Site "Überlingen GER"]
[Date "2000.06.10"]
[Round "9"]
[White "Czäczine, Anne"]
[Black "Blodig, Carolin"]
[Result "0-1"]
[Termination "normal"]
[Board "4"]
[WhiteElo "1787"]
[BlackElo "1476"]
[PlyCount "110"]
[WhiteFideId "4679326"]
[BlackFideId "4692012"]
[EventCountry "GER"]
[EventRounds "9"]
[EventType "swiss"]
[EventDate "2000.06.03"]

1. e4 d5 2. exd5 Qxd5 3. Nc3 Qa5 4. d4 Nf6 5. Nf3 Bf5 6. Bc4 c6 7. Bd2 Nbd7 8.
O-O e6 9. Qe2 Qc7 10. Rfe1 Bd6 11. Ne5 O-O 12. Bf4 Nb6 13. Bb3 Nbd5 14. Nxd5
cxd5 15. Rac1 Rac8 16. f3 h6 17. g4 Bh7 18. h4 Kh8 19. Qh2 Rcd8 20. Kf2 Nd7 21.
Nxf7+ Rxf7 22. Bxd6 Qb6 23. Be5 Rdf8 24. Kg1 Rxf3 25. Rf1 Qa6 26. Rxf3 Rxf3 27.
Re1 Be4 28. h5 Qa5 29. Rf1 Nxe5 30. Qxe5 Qd2 31. Rxf3 Bxf3 32. Qg3 Qd1+ 33. Kf2
Qe2+ 34. Kg1 Bxg4 35. Ba4 Bxh5 36. Bd7 Qg4 37. Kh2 Qxg3+ 38. Kxg3 Bf7 39. Kf4
g5+ 40. Kg4 Kg7 41. b3 Kf6 42. c4 h5+ 43. Kf3 dxc4 44. bxc4 Ke7 45. Bc8 b6 46.
c5 Kd8 47. Ba6 Kc7 48. Bb5 bxc5 49. dxc5 e5 50. Ke4 Bxa2 51. Kxe5 h4 52. Bf1 g4
53. Kf4 g3 54. Bg2 Be6 55. Bh1 a5 0-1

[Event "DEM U16w 2000"]
[Site "Überlingen GER"]
[Date "2000.06.10"]
[Round "9"]
[White "Schuler, Dorothea"]
[Black "Reiß, Rebekka"]
[Result "1/2-1/2"]
[Termination "normal"]
[Board "5"]
[WhiteElo "1739"]
[BlackElo "1388"]
[PlyCount "26"]
[EventCountry "GER"]
[EventRounds "9"]
[EventType "swiss"]
[EventDate "2000.06.03"]

1. c4 f5 2. Nc3 Nf6 3. g3 e6 4. Bg2 d5 5. cxd5 exd5 6. d4 c6 7. Nf3 g6 8. Bf4
Bg7 9. e3 O-O 10. O-O Nbd7 11. b4 Ne4 12. Rc1 a6 13. a4 Qb6 1/2-1/2

[Event "DEM U16w 2000"]
[Site "Überlingen GER"]
[Date "2000.06.10"]
[Round "9"]
[White "Fey, Franziska"]
[Black "Bartholomeyzik, Theresa"]
[Result "1/2-1/2"]
[Termination "normal"]
[Board "6"]
[WhiteElo "1734"]
[BlackElo "1269"]
[PlyCount "35"]
[WhiteFideId "4672992"]
[EventCountry "GER"]
[EventRounds "9"]
[EventType "swiss"]
[EventDate "2000.06.03"]

1. d4 f5 2. c4 e6 3. g3 Nf6 4. Bg2 d5 5. Nf3 c6 6. O-O Bd6 7. Bf4 Bxf4 8. gxf4
O-O 9. e3 Nbd7 10. Ne5 Ne4 11. Qc2 Ndf6 12. Nc3 Bd7 13. Rac1 Be8 14. Ne2 Kh8
15. c5 Nd7 16. b4 Rg8 17. a4 g5 18. Nxd7 1/2-1/2

[Event "DEM U16w 2000"]
[Site "Überlingen GER"]
[Date "2000.06.10"]
[Round "9"]
[White "Diebig, Maja"]
[Black "Hönecke, Judith"]
[Result "1-0"]
[Termination "normal"]
[Board "7"]
[WhiteElo "1614"]
[BlackElo "1149"]
[PlyCount "85"]
[BlackFideId "4696328"]
[EventCountry "GER"]
[EventRounds "9"]
[EventType "swiss"]
[EventDate "2000.06.03"]

1. d4 b6 2. e4 Bb7 3. Nc3 e6 4. a3 Be7 5. Nf3 Nf6 6. Bd3 d6 7. O-O Nbd7 8. h3
c5 9. Re1 Qc7 10. Bf4 a6 11. Bh2 O-O 12. e5 dxe5 13. dxe5 Nd5 14. Ne4 c4 15.
Bf1 Rfd8 16. Qe2 b5 17. h4 a5 18. Neg5 h6 19. Nh3 Kh8 20. h5 N7b6 21. Red1 b4
22. axb4 axb4 23. g4 Ra4 24. Rxa4 Nxa4 25. Rb1 Nab6 26. Ra1 Ra8 27. Rxa8+ Bxa8
28. g5 hxg5 29. Nfxg5 Bxg5 30. Nxg5 Qb7 31. f3 Qe7 32. f4 Qb7 33. Bg2 Kg8 34.
Qe4 Qa7 35. Qh7+ Kf8 36. Qh8+ Ke7 37. Qxg7 Nd7+ 38. Kh1 Qa1+ 39. Bg1 Ne3 40.
Qxf7+ Kd8 41. Qg8+ Kc7 42. Nxe6+ Kb6 43. Qxa8 1-0

[Event "DEM U16w 2000"]
[Site "Überlingen GER"]
[Date "2000.06.10"]
[Round "9"]
[White "Brandt, Madeleine"]
[Black "Rönsch, Kerstin"]
[Result "1/2-1/2"]
[Termination "normal"]
[Board "8"]
[WhiteElo "923"]
[BlackElo "1299"]
[PlyCount "31"]
[EventCountry "GER"]
[EventRounds "9"]
[EventType "swiss"]
[EventDate "2000.06.03"]

1. d4 d5 2. c4 e6 3. Nc3 Nf6 4. Nf3 Be7 5. Bf4 O-O 6. e3 b6 7. Be2 Nbd7 8. O-O
Bb7 9. Rb1 c5 10. dxc5 Nxc5 11. cxd5 Nxd5 12. Nxd5 Bxd5 13. b3 Ne4 14. Be5 f6
15. Bb2 Bb4 16. Rc1 1/2-1/2

[Event "DEM U16w 2000"]
[Site "Überlingen GER"]
[Date "2000.06.10"]
[Round "9"]
[White "Gorodetskaja, Ewgenija"]
[Black "Hauck, Kerstin Elisabeth"]
[Result "0-1"]
[Termination "normal"]
[Board "9"]
[WhiteElo "1029"]
[BlackElo "1506"]
[PlyCount "162"]
[EventCountry "GER"]
[EventRounds "9"]
[EventType "swiss"]
[EventDate "2000.06.03"]

1. d4 Nf6 2. Nc3 g6 3. Bg5 Bg7 4. Qd2 O-O 5. Bh6 b6 6. Bxg7 Kxg7 7. Nf3 Bb7 8.
O-O-O c5 9. e3 d6 10. Bd3 Nbd7 11. Rhe1 a6 12. e4 cxd4 13. Nxd4 Nc5 14. Qg5 e6
15. f4 Kh8 16. Nf3 a5 17. e5 dxe5 18. Rxe5 Bxf3 19. gxf3 Qe7 20. Nd5 Nxd5 21.
Rxd5 Qxg5 22. Rxg5 Rfd8 23. Be4 Rxd1+ 24. Kxd1 Rd8+ 25. Ke2 Rd4 26. Ke3 Rd1 27.
Rg2 Ra1 28. a3 Ra2 29. c3 Na4 30. Kd2 Rxb2+ 31. Bc2 Ra2 32. Rg5 Rxa3 33. Bxa4
Rxa4 34. Rb5 Rxf4 35. Ke3 Rc4 36. Kd3 Rc6 37. c4 a4 38. Rb1 Rc5 39. Rb4 Ra5 40.
Rxb6 a3 41. Rb1 a2 42. Ra1 Kg7 43. Kc3 Kf6 44. Kb4 Ra8 45. Kb5 Ke7 46. Kb6 Kd7
47. c5 Kc8 48. c6 Rb8+ 49. Kc5 Rb2 50. h4 Kc7 51. f4 Rc2+ 52. Kb5 Rxc6 53. Rxa2
Rb6+ 54. Kc5 h5 55. Rg2 Rb3 56. Kd4 Kd6 57. Rh2 Rb4+ 58. Ke3 Ke7 59. Kf3 Kf6
60. Rf2 Kf5 61. Kg3 Rb3+ 62. Kg2 Kg4 63. Rd2 Kxf4 64. Rd7 Kg4 65. Rxf7 Rb2+ 66.
Kf1 Rb3 67. Kg2 Kxh4 68. Rf6 g5 69. Rxe6 g4 70. Re2 Rb5 71. Re4 Rb2+ 72. Kg1
Kh3 73. Re1 g3 74. Kh1 Rb3 75. Rd1 g2+ 76. Kg1 Kg3 77. Re1 Rf3 78. Rd1 h4 79.
Rd3 h3 80. Rxf3+ Kxf3 81. Kh2 Kf2 0-1

[Event "DEM U16w 2000"]
[Site "Überlingen GER"]
[Date "2000.06.10"]
[Round "9"]
[White "Beuckmann, Kristin"]
[Black "Lunz, Pia"]
[Result "0-1"]
[Termination "normal"]
[Board "10"]
[WhiteElo "823"]
[BlackElo "1079"]
[PlyCount "56"]
[EventCountry "GER"]
[EventRounds "9"]
[EventType "swiss"]
[EventDate "2000.06.03"]

1. c4 e5 2. Nc3 Nf6 3. g3 c6 4. Bg2 d5 5. cxd5 Nxd5 6. Nxd5 cxd5 7. Qb3 e4 8.
f3 exf3 9. Bxf3 Qc7 10. Qxd5 Nc6 11. d3 Be7 12. Bf4 Qd7 13. Qc4 O-O 14. Rc1 Bf6
15. b3 Nd4 16. Bg2 Rd8 17. Bh3 Qe8 18. Bc7 Bxh3 19. Bxd8 Rxd8 20. e4 Bg2 21.
Nh3 Bxh1 22. Nf4 Bg5 23. Kf2 Bf3 24. h4 Bxf4 25. gxf4 Bg4 26. f5 Qc6 27. Qd5
Rxd5 28. Rxc6 bxc6 0-1

[Event "DEM U16w 2000"]
[Site "Überlingen GER"]
[Date "2000.06.10"]
[Round "9"]
[White "Tröstrum, Tina"]
[Black "Thiery, Jennifer"]
[Result "1/2-1/2"]
[Termination "normal"]
[Board "11"]
[WhiteElo "1019"]
[BlackElo "1093"]
[PlyCount "29"]
[EventCountry "GER"]
[EventRounds "9"]
[EventType "swiss"]
[EventDate "2000.06.03"]

1. e4 c5 2. Nf3 Nc6 3. d4 cxd4 4. Nxd4 Nf6 5. f3 g6 6. Be3 Bg7 7. c3 O-O 8. Be2
d5 9. exd5 Nxd5 10. Nxc6 bxc6 11. Bd2 Qb6 12. Qb3 Qc5 13. c4 Nb6 14. Be3 Qe5
15. Bc1 1/2-1/2

[Event "DEM U16w 2000"]
[Site "Überlingen GER"]
[Date "2000.06.10"]
[Round "9"]
[White "Schwert, Karina"]
[Black "Ramming, Susanne"]
[Result "1-0"]
[Termination "normal"]
[Board "12"]
[WhiteElo "1348"]
[BlackElo "1207"]
[PlyCount "119"]
[EventCountry "GER"]
[EventRounds "9"]
[EventType "swiss"]
[EventDate "2000.06.03"]

1. d4 d5 2. c4 e5 3. dxe5 d4 4. Nf3 Nc6 5. Bf4 Bf5 6. a3 Nge7 7. Nbd2 Ng6 8.
Bg3 Bg4 9. h3 Bxf3 10. Nxf3 Be7 11. Qd2 Qd7 12. Rd1 Rd8 13. Bh2 a5 14. g4 O-O
15. Bg2 Nh4 16. Nxh4 Bxh4 17. O-O b6 18. Qf4 h6 19. Bxc6 Qxc6 20. Rxd4 Rxd4 21.
Qxd4 Rd8 22. Qc3 Re8 23. Rd1 f6 24. Qd4 fxe5 25. Qd5+ Qxd5 26. Rxd5 Bf6 27. c5
Re6 28. b4 bxc5 29. Rxc5 axb4 30. axb4 c6 31. e4 g5 32. Kf1 Kf7 33. b5 cxb5 34.
Rxb5 Re7 35. Ke2 Bg7 36. Bg3 Bf6 37. Kd3 Rd7+ 38. Ke2 Re7 39. Rb6 Re6 40. Rxe6
Kxe6 41. Kd3 Kd6 42. Kc4 Kc6 43. f3 Kd6 44. Kb5 Be7 45. Bf2 Ke6 46. Bc5 Bf6 47.
Kc6 Bg7 48. Bd6 Bh8 49. Bf8 Bf6 50. Bxh6 Kf7 51. Kd6 Kg6 52. Ke6 Bh8 53. Bf8
Bf6 54. Bd6 Kg7 55. Bxe5 Bxe5 56. Kxe5 Kf7 57. Kf5 Ke7 58. Kxg5 Kf7 59. h4 Kg7
60. e5 1-0